Dhruva charitam. (Record no. 113343)
[ view plain ]
| 000 -LEADER | |
|---|---|
| fixed length control field | 00662nam a2200217Ia 4500 |
| 003 - CONTROL NUMBER IDENTIFIER | |
| control field | OSt |
| 005 - DATE AND TIME OF LATEST TRANSACTION | |
| control field | 20250122092924.0 |
| 008 - FIXED-LENGTH DATA ELEMENTS--GENERAL INFORMATION | |
| fixed length control field | 210210b1983 xxu||||| |||| 00| 0 eng d |
| 040 ## - CATALOGING SOURCE | |
| Transcribing agency | AL |
| 041 ## - LANGUAGE CODE | |
| Language code of text/sound track or separate title | Sanskrit |
| 082 ## - DEWEY DECIMAL CLASSIFICATION NUMBER | |
| Classification number | S891.1 UPAD |
| 100 ## - MAIN ENTRY--PERSONAL NAME | |
| Personal name | UPADHYAYA (Kanaradi Viththala). |
| Dates associated with a name | कनारादि विट्ठल उपाध्याय |
| 9 (RLIN) | 194421 |
| 245 ## - TITLE STATEMENT | |
| Title | Dhruva charitam. |
| Remainder of title | ध्रुव चरितम् |
| 260 ## - PUBLICATION, DISTRIBUTION, ETC. | |
| Place of publication, distribution, etc. | Kundapura |
| Name of publisher, distributor, etc. | Akhila Karnataka Samskrata Parishad |
| Date of publication, distribution, etc. | 1983 |
| 300 ## - PHYSICAL DESCRIPTION | |
| Extent | 53 |
| 650 ## - SUBJECT ADDED ENTRY--TOPICAL TERM | |
| Topical term or geographic name entry element | Dhruva |
| 9 (RLIN) | 194422 |
| 650 ## - SUBJECT ADDED ENTRY--TOPICAL TERM | |
| Topical term or geographic name entry element | charitam. |
| 9 (RLIN) | 194423 |
| 690 ## - LOCAL SUBJECT ADDED ENTRY--TOPICAL TERM (OCLC, RLIN) | |
| Topical term or geographic name as entry element | Sanskrit Poetry |
| 9 (RLIN) | 194424 |
| 906 ## - LOCAL DATA ELEMENT F, LDF (RLIN) | |
| a | SG02456 |
| 942 ## - ADDED ENTRY ELEMENTS (KOHA) | |
| Source of classification or shelving scheme | Dewey Decimal Classification |
| Koha item type | Book |
| Withdrawn status | Lost status | Source of classification or shelving scheme | Damaged status | Not for loan | Collection code | Home library | Current library | Date acquired | Cost, normal purchase price | Total Checkouts | Full call number | Barcode | Date last seen | Price effective from | Koha item type |
|---|---|---|---|---|---|---|---|---|---|---|---|---|---|---|---|
| Dewey Decimal Classification | Sanskrit | St Aloysius Library | St Aloysius Library | 02/17/2021 | 18.00 | S891.1 UPAD | SG02456 | 02/17/2021 | 02/17/2021 | Special Grants |